Masques de fiction - Statistiques

Statistiques générales
  • Ce quiz a été pris 34 fois
  • Le résultat moyen est 14 sur 28
Statistiques - réponses
Par images Réponse % Correct
Batman
100%
Spider-Man
94%
Zorro
94%
Scream
81%
La Casa de Papel
77%
Mario
74%
Naruto
71%
Squid Game
71%
The Mask
71%
Mad Max
68%
Le Silence des Agneaux
65%
Vendredi 13
61%
One Piece
58%
Bleach
55%
The Legend of Zelda
52%
Tokyo Ghoul
52%
Demon Slayer
42%
Call of Duty
35%
Crash Bandicoot
35%
Jojo's Bizarre Adventure
23%
Pokémon
23%
League of Legends
19%
Yu-Gi-Oh!
19%
Five Nights At Freddy's
13%
Harry Potter
13%
Les Nouveaux Héros
13%
The Elder Scrolls
13%
Team Fortress
10%
Aucun quiz correspondant
Distribution des résultats
% des personnes avec chaque résultat
Percentile par nombre de réponses
Votre historique - résultats
Vous n’avez pas pris ce quiz